[Event "Belgrade-chT Quality"]
[Site "Belgrade"]
[Date "2022.10.10"]
[Round "9.3"]
[White "Podinic, Vladimir"]
[Black "Petkovic, Jovan"]
[Result "1/2-1/2"]
[WhiteElo "2344"]
[BlackElo "2163"]
[PlyCount "47"]
[EventDate "2022.10.01"]
[EventType "team-tourn"]
[EventRounds "11"]
[EventCountry "SRB"]
[SourceTitle "EXT 2024"]
[Source "ChessBase"]
[SourceDate "2023.10.10"]
[SourceVersion "1"]
[SourceVersionDate "2023.10.10"]
[SourceQuality "1"]
[WhiteTeam "Belgrade Belgrade"]
[BlackTeam "Belgrade Mirijevo"]
[WhiteTeamCountry "SRB"]
[BlackTeamCountry "SRB"]

1. e4 c5 2. c3 d5 3. exd5 Qxd5 4. d4 Nf6 5. Nf3 Nc6 6. Be2 e6 7. 0-0 Be7 8. c4 Qd8 9. dxc5 Bxc5 10. Qxd8+ Kxd8 11. Nc3 Ke7 12. a3 a5 13. Bf4 Rd8 14. Rad1 Bd7 15. Nb5 Be8 16. Bc7 Rxd1 17. Bxd1 Rc8 18. Be2 Ne4 19. Bd3 Nd6 20. Nxd6 Rxc7 21. Nxe8 Kxe8 22. Rd1 Rd7 23. Bc2 Rxd1+ 24. Bxd1 1/2-1/2

[Event "Belgrade-chT Quality"]
[Site "Belgrade"]
[Date "2022.10.02"]
[Round "2.3"]
[White "Podinic, Vladimir"]
[Black "Radivojevic, Tomislav"]
[Result "1-0"]
[WhiteElo "2344"]
[BlackElo "2131"]
[PlyCount "93"]
[EventDate "2022.10.01"]
[EventType "team-tourn"]
[EventRounds "11"]
[EventCountry "SRB"]
[SourceTitle "CBM 210 Extra"]
[Source "ChessBase"]
[SourceDate "2022.11.30"]
[SourceVersion "1"]
[SourceVersionDate "2022.11.30"]
[SourceQuality "1"]
[WhiteTeam "Belgrade Belgrade"]
[BlackTeam "Belgrade Banjica"]
[WhiteTeamCountry "SRB"]
[BlackTeamCountry "SRB"]

1. e4 c6 2. d4 d5 3. f3 e6 4. Nc3 Bb4 5. Nge2 Ne7 6. a3 Ba5 7. Be3 0-0 8. Qd2 Bc7 9. Ng3 b6 10. Nh5 f6 11. 0-0-0 a5 12. g4 g6 13. Ng3 Nd7 14. exd5 exd5 15. Bf4 Rf7 16. Bxc7 Qxc7 17. f4 f5 18. g5 Nf8 19. Re1 Bd7 20. Bg2 Qd6 21. Re5 b5 22. Qe3 b4 23. Na4 bxa3 24. bxa3 Nc8 25. Re1 Rb8 26. Nc5 Nb6 27. Bf1 Ra8 28. h4 Ra7 29. h5 Ra8 30. Bd3 Rb8 31. Qd2 a4 32. Qc3 Bc8 33. R1e3 Nbd7 34. Nxd7 Bxd7 35. Qc5 Qxc5 36. dxc5 Rd8 37. h6 Bc8 38. Ne2 d4 39. Re8 dxe3 40. Rxd8 Be6 41. Nd4 Bd5 42. Re8 Rc7 43. c4 Bf7 44. Ra8 Re7 45. Nxc6 Rc7 46. Ne5 Be8 47. Rxe8 1-0

[Event "Belgrade Premier League"]
[Site "Belgrade"]
[Date "2021.10.04"]
[Round "4.2"]
[White "Ivanovic, Marko"]
[Black "Podinic, Vladimir"]
[Result "1-0"]
[WhiteElo "2300"]
[BlackElo "2345"]
[PlyCount "133"]
[EventDate "2021.10.01"]
[EventType "team-tourn"]
[EventRounds "11"]
[EventCountry "SRB"]
[SourceTitle "CBM 204 Extra"]
[Source "ChessBase"]
[SourceDate "2021.11.30"]
[SourceVersion "1"]
[SourceVersionDate "2021.11.30"]
[SourceQuality "1"]
[WhiteTeam "Belgrade Turbina"]
[BlackTeam "Belgrade"]
[WhiteTeamCountry "SRB"]
[BlackTeamCountry "SRB"]

1. e4 c5 2. Nc3 Nc6 3. Bb5 g6 4. Bxc6 dxc6 5. d3 Bg7 6. Be3 b6 7. Qd2 e5 8. Nge2 Be6 9. 0-0 Nf6 10. Bh6 Bxh6 11. Qxh6 Ng4 12. Qd2 c4 13. h3 cxd3 14. cxd3 Nf6 15. f4 exf4 16. Qxf4 Nh5 17. Qh6 Qd6 18. Rf3 Qf8 19. Qe3 Qb4 20. d4 Bc4 21. d5 0-0 22. dxc6 Bxe2 23. Qxe2 Rae8 24. g4 Qc5+ 25. Qf2 Qxf2+ 26. Kxf2 Ng7 27. Rd1 Re6 28. c7 Rc8 29. Rd8+ Re8 30. Rd7 Ne6 31. Nd5 Nc5 32. Nf6+ Kf8 33. Nxh7+ Kg8 34. Nf6+ Kf8 35. Rd4 Ne6 36. Rd6 Rxc7 37. Nxe8 Kxe8 38. Rd2 Rc4 39. Re3 g5 40. b3 Rc1 41. Re1 Rc3 42. Re3 Rc1 43. Rf3 Rh1 44. Ke3 Ke7 45. Rdf2 Nd8 46. Kd4 Rd1+ 47. Kc4 Re1 48. Rf5 Re3 49. R2f3 Re2 50. a4 f6 51. Rxf6 Rxe4+ 52. Kd5 Re1 53. Rg6 Rd1+ 54. Kc4 Rc1+ 55. Rc3 Re1 56. Rg7+ Ke6 57. Rxg5 Nf7 58. Rg6+ Ke5 59. Rd3 Rc1+ 60. Kb5 Ke4 61. Rd7 Rc5+ 62. Ka6 Ra5+ 63. Kb7 Ne5 64. Re6 Kf4 65. Rd4+ Ke3 66. b4 Rxa4 67. Rd5 1-0

[Event "Belgrade-chT"]
[Site "Belgrade"]
[Date "2019.10.03"]
[Round "10.7"]
[White "Strugnell, Carl"]
[Black "Podinic, Vladimir"]
[Result "1-0"]
[WhiteElo "2213"]
[BlackElo "2371"]
[PlyCount "99"]
[EventDate "2019.09.23"]
[EventType "team-tourn"]
[EventRounds "11"]
[EventCountry "SRB"]
[SourceTitle "EXT 2020"]
[Source "ChessBase"]
[SourceDate "2019.10.17"]
[SourceVersion "1"]
[SourceVersionDate "2019.10.17"]
[SourceQuality "1"]
[WhiteTeam "MZ Cirilo i Metodije"]
[BlackTeam "Belgrade"]
[WhiteTeamCountry "SRB"]
[BlackTeamCountry "SRB"]

1. e4 c5 2. Nf3 e6 3. Nc3 a6 4. d4 cxd4 5. Nxd4 b5 6. Bd3 Qb6 7. Nf3 Nc6 8. 0-0 Qb8 9. e5 d6 10. exd6 Bxd6 11. Ne4 Be7 12. a4 b4 13. b3 Nf6 14. Bb2 Bb7 15. Re1 Qc7 16. Nfg5 Ne5 17. Nxf6+ Bxf6 18. Nxe6 Qd6 19. Nxg7+ Bxg7 20. Bxe5 Bxe5 21. Qh5 0-0-0 22. Qf5+ Rd7 23. Qxe5 Rg8 24. Be4 Qxe5 25. Bxb7+ Kxb7 26. Rxe5 Rc8 27. Re2 Rdc7 28. Ra2 Rd8 29. g3 a5 30. Ra1 Rdc8 31. Re5 Rc5 32. Rae1 Kb6 33. Rxc5 Rxc5 34. Re2 Rc3 35. Kf1 Kc5 36. Rd2 h5 37. Kg2 Kb6 38. Rd6+ Kc7 39. Rd5 Kb6 40. Rb5+ Ka6 41. Rxh5 Rxc2 42. Rf5 Rc3 43. Rf3 Kb6 44. h4 Kc5 45. h5 Kd4 46. h6 Rc6 47. h7 Rc8 48. Rxf7 Kc3 49. Rf3+ Kb2 50. g4 1-0

[Event "Belgrade-chT"]
[Site "Belgrade"]
[Date "2019.10.01"]
[Round "8.2"]
[White "Podinic, Vladimir"]
[Black "Savic, Dragoljub"]
[Result "1/2-1/2"]
[WhiteElo "2371"]
[BlackElo "1985"]
[PlyCount "89"]
[EventDate "2019.09.23"]
[EventType "team-tourn"]
[EventRounds "11"]
[EventCountry "SRB"]
[SourceTitle "EXT 2020"]
[Source "ChessBase"]
[SourceDate "2019.10.17"]
[SourceVersion "1"]
[SourceVersionDate "2019.10.17"]
[SourceQuality "1"]
[WhiteTeam "Belgrade"]
[BlackTeam "Lasta"]
[WhiteTeamCountry "SRB"]
[BlackTeamCountry "SRB"]

1. e4 c5 2. c3 e6 3. d4 d5 4. exd5 exd5 5. Be3 c4 6. b3 cxb3 7. axb3 Nc6 8. Bd3 Bd6 9. Qf3 Nge7 10. Ne2 0-0 11. Bf4 Bxf4 12. Nxf4 Qd6 13. 0-0 Nd8 14. Re1 Ne6 15. Re5 Nxf4 16. Qxf4 Ng6 17. Bxg6 hxg6 18. Qf3 Be6 19. Nd2 a5 20. h4 f6 21. Re3 b5 22. Qe2 Bd7 23. Qd3 Be8 24. b4 a4 25. Nb3 Rb8 26. Nc5 Bf7 27. g3 Rfe8 28. Rxe8+ Bxe8 29. Re1 Bf7 30. Re2 Kf8 31. h5 Re8 32. hxg6 Bxg6 33. Qxb5 Rxe2 34. Qxe2 a3 35. Qa2 Qe7 36. Kf1 Bf5 37. Kg2 Be4+ 38. f3 Bb1 39. Qxd5 Qe2+ 40. Kh3 Qf1+ 41. Kg4 Qc1 42. Qd8+ Kf7 43. Qd5+ Kf8 44. Qd8+ Kf7 45. Qd5+ 1/2-1/2

[Event "SRB-chT"]
[Site "Kragujevac"]
[Date "2016.10.02"]
[Round "11.3"]
[White "Sarenac, Ivan"]
[Black "Podinic, Vladimir"]
[Result "1-0"]
[WhiteElo "2410"]
[BlackElo "2381"]
[PlyCount "95"]
[EventDate "2016.09.22"]
[EventType "team-tourn"]
[EventRounds "11"]
[EventCountry "SRB"]
[SourceTitle "CBM 174 Extra"]
[Source "ChessBase"]
[SourceDate "2016.10.10"]
[SourceVersion "1"]
[SourceVersionDate "2016.10.10"]
[SourceQuality "1"]
[WhiteTeam "Itaka"]
[BlackTeam "Svetozar Gligoric"]
[WhiteTeamCountry "SRB"]
[BlackTeamCountry "SRB"]

1. e4 c5 2. Nf3 e6 3. d4 cxd4 4. Nxd4 a6 5. Bd3 Ne7 6. 0-0 Nec6 7. Nb3 d6 8. f4 Nd7 9. Be3 Qc7 10. Nc3 b5 11. Qf3 Bb7 12. Qh3 b4 13. Ne2 Be7 14. Rac1 Rc8 15. c3 Qb8 16. cxb4 Nxb4 17. Bb1 Nf6 18. Nc3 h5 19. Kh1 Ng4 20. Bg1 Bf6 21. Na5 Ba8 22. a3 Nc6 23. Nc4 Bd4 24. Bxd4 Nxd4 25. Qd3 e5 26. Ne2 Rxc4 27. Rxc4 Ne6 28. Qc3 0-0 29. h3 Nf6 30. fxe5 dxe5 31. Rf5 Nd7 32. Rb4 Qd8 33. Ba2 a5 34. Rb5 Bxe4 35. Bxe6 fxe6 36. Rxf8+ Qxf8 37. Qe1 Nc5 38. Ng3 Bd3 39. Rxa5 h4 40. Ne2 Be4 41. Kg1 Nd3 42. Qxh4 Bd5 43. Nc3 Bc6 44. Ne4 Qb8 45. b4 Qb6+ 46. Nc5 Nf4 47. Qe7 Ne2+ 48. Kf2 1-0

[Event "SRB-chT"]
[Site "Kragujevac"]
[Date "2016.09.30"]
[Round "9.4"]
[White "Zivkovic, Ivan B"]
[Black "Podinic, Vladimir"]
[Result "1-0"]
[WhiteElo "2348"]
[BlackElo "2381"]
[PlyCount "71"]
[EventDate "2016.09.22"]
[EventType "team-tourn"]
[EventRounds "11"]
[EventCountry "SRB"]
[SourceTitle "CBM 174 Extra"]
[Source "ChessBase"]
[SourceDate "2016.10.10"]
[SourceVersion "1"]
[SourceVersionDate "2016.10.10"]
[SourceQuality "1"]
[WhiteTeam "Pozega"]
[BlackTeam "Svetozar Gligoric"]
[WhiteTeamCountry "SRB"]
[BlackTeamCountry "SRB"]

1. e4 c5 2. Nf3 e6 3. d4 cxd4 4. Nxd4 a6 5. Bd3 Ne7 6. 0-0 Nbc6 7. Nb3 Ng6 8. f4 d6 9. Be3 Be7 10. N1d2 0-0 11. Kh1 Rb8 12. a4 Bf6 13. c3 b5 14. axb5 axb5 15. Nd4 Nxd4 16. cxd4 e5 17. fxe5 dxe5 18. d5 Nf4 19. Bxf4 exf4 20. e5 Bxe5 21. Bxh7+ Kxh7 22. Qh5+ Kg8 23. Qxe5 Rb6 24. Ne4 Re8 25. Qd4 f5 26. Nc5 Rd6 27. Rad1 g5 28. Kg1 Re3 29. g3 Qe7 30. gxf4 gxf4 31. Kh1 f3 32. Rd3 Re4 33. Nxe4 fxe4 34. Re3 Bh3 35. Rxe4 Bg2+ 36. Kg1 1-0

[Event "BIH-chT1"]
[Site "Dvorovi"]
[Date "2016.08.13"]
[Round "8"]
[White "Radusinovic, Lazar"]
[Black "Podinic, Vladimir"]
[Result "1-0"]
[WhiteElo "2357"]
[BlackElo "2390"]
[PlyCount "59"]
[EventDate "2016.08.06"]
[EventType "team-tourn"]
[EventRounds "9"]
[EventCountry "BIH"]
[SourceTitle "CBM 174 Extra"]
[Source "ChessBase"]
[SourceDate "2016.10.10"]
[SourceVersion "1"]
[SourceVersionDate "2016.10.10"]
[SourceQuality "1"]

1. d4 f5 2. e4 fxe4 3. Nc3 Nf6 4. Bg5 c6 5. f3 d5 6. fxe4 dxe4 7. Bc4 Nbd7 8. Nge2 Qa5 9. Bd2 Qh5 10. 0-0 Nb6 11. Bb3 Nbd5 12. Nxd5 cxd5 13. Qe1 e6 14. Nf4 Qf7 15. c4 Bd6 16. cxd5 Bxf4 17. Bxf4 exd5 18. Qb4 Bd7 19. Qxb7 0-0 20. Rac1 Rac8 21. Rxc8 Bxc8 22. Qb5 Be6 23. Be5 h6 24. Qa6 Kh7 25. Qd6 Rc8 26. h3 Re8 27. Bd1 Qg6 28. Kh2 e3 29. Qc7 Nd7 30. Bc2 1-0

[Event "BIH-chT1"]
[Site "Dvorovi"]
[Date "2016.08.12"]
[Round "7"]
[White "Podinic, Vladimir"]
[Black "Radovanovic, Nikola"]
[Result "1/2-1/2"]
[WhiteElo "2390"]
[BlackElo "2389"]
[PlyCount "42"]
[EventDate "2016.08.06"]
[EventType "team-tourn"]
[EventRounds "9"]
[EventCountry "BIH"]
[SourceTitle "CBM 174 Extra"]
[Source "ChessBase"]
[SourceDate "2016.10.10"]
[SourceVersion "1"]
[SourceVersionDate "2016.10.10"]
[SourceQuality "1"]

1. f4 c5 2. Nf3 g6 3. g3 Bg7 4. Bg2 Nc6 5. 0-0 e6 6. e4 d6 7. Nc3 Nge7 8. d3 0-0 9. Be3 Nd4 10. Qd2 Rb8 11. Nd1 b5 12. c3 Nxf3+ 13. Bxf3 Bb7 14. g4 f5 15. Nf2 Qc7 16. Nh3 h6 17. Rae1 d5 18. Bf2 Rbe8 19. Bh4 d4 20. c4 bxc4 21. dxc4 Nc8 1/2-1/2

[Event "SRB-chT"]
[Site "Kragujevac"]
[Date "2015.08.21"]
[Round "2.2"]
[White "Podinic, Vladimir"]
[Black "Markus, Robert"]
[Result "0-1"]
[WhiteElo "2408"]
[BlackElo "2621"]
[PlyCount "96"]
[EventDate "2015.08.20"]
[EventType "team-tourn"]
[EventRounds "11"]
[EventCountry "YUG"]
[SourceTitle "EXT 2016"]
[Source "ChessBase"]
[SourceDate "2015.10.08"]
[SourceVersion "1"]
[SourceVersionDate "2015.10.08"]
[SourceQuality "1"]
[WhiteTeam "Pancevo Gligoric"]
[BlackTeam "Novi Sad DDOR"]
[WhiteTeamCountry "SRB"]
[BlackTeamCountry "SRB"]

1. e4 c5 2. c3 Nf6 3. d3 e5 4. Nf3 Nc6 5. Be2 d5 6. Qc2 Be7 7. 0-0 0-0 8. Re1 d4 9. Nbd2 Be6 10. Nf1 Ne8 11. h3 Nd6 12. Ng3 Rc8 13. c4 Rb8 14. Bd2 b5 15. b3 f6 16. Nh2 bxc4 17. bxc4 Nb4 18. Qd1 Qb6 19. a3 Nc6 20. Bg4 Bf7 21. Nf5 Qb3 22. Qe2 Qa4 23. f4 Nxf5 24. exf5 Bd6 25. Bf3 exf4 26. Bd5 Bxd5 27. cxd5 Nd8 28. Qf3 Nf7 29. Bxf4 Bxf4 30. Qxf4 Qd7 31. Ng4 h5 32. Nh2 Ne5 33. Qe4 Rbd8 34. Nf3 Rfe8 35. Nh4 Qxd5 36. Qe2 Qf7 37. Rec1 c4 38. dxc4 d3 39. Qd1 d2 40. Rcb1 Nxc4 41. Qf3 Re3 42. Qf4 Red3 43. Rd1 Nb2 44. Ng6 Nxd1 45. Rxd1 Qb3 46. Qf1 Re3 47. Kh2 Qb8+ 48. Kh1 Qg3 0-1

[Event "Belgrade-chT"]
[Site "Belgrade"]
[Date "2014.09.25"]
[Round "6.1"]
[White "Mihic, Bojan"]
[Black "Podinic, Vladimir"]
[Result "1-0"]
[WhiteElo "2398"]
[BlackElo "2412"]
[PlyCount "67"]
[EventDate "2014.09.20"]
[EventType "team-tourn"]
[EventRounds "11"]
[EventCountry "SRB"]
[SourceTitle "CBM 162 Extra"]
[Source "ChessBase"]
[SourceDate "2014.10.17"]
[SourceVersion "1"]
[SourceVersionDate "2014.10.17"]
[SourceQuality "1"]
[WhiteTeam "Grocka"]
[BlackTeam "Belgrade"]
[WhiteTeamCountry "SRB"]
[BlackTeamCountry "SRB"]

1. Nf3 d6 2. c4 f5 3. g3 Nf6 4. Bg2 g6 5. 0-0 Bg7 6. Nc3 0-0 7. Rb1 e5 8. d3 c6 9. b4 a6 10. a4 Nbd7 11. Nd2 g5 12. b5 axb5 13. axb5 c5 14. Nb3 f4 15. e3 Nb6 16. Ne4 Nxe4 17. Bxe4 Qe8 18. exf4 exf4 19. Bb2 Qf7 20. Bxg7 Qxg7 21. Ra1 Bh3 22. Rxa8 Rxa8 23. Re1 fxg3 24. fxg3 Qf7 25. Qd2 h6 26. Qe3 Ra7 27. Nxc5 Bc8 28. Nxb7 Nxc4 29. Qd4 Bxb7 30. Bxb7 Ne5 31. Qxd6 Qxb7 32. Qxe5 Ra8 33. Qd6 Kg7 34. Qe6 1-0

[Event "Belgrade-chT"]
[Site "Belgrade"]
[Date "2013.10.19"]
[Round "8.6"]
[White "Popovic, Aleksandar M"]
[Black "Podinic, Vladimir"]
[Result "1-0"]
[WhiteElo "2281"]
[BlackElo "2420"]
[PlyCount "69"]
[EventDate "2013.10.12"]
[EventType "team-tourn"]
[EventRounds "11"]
[EventCountry "SRB"]
[SourceTitle "EXT 2014"]
[Source "ChessBase"]
[SourceDate "2013.11.20"]
[SourceVersion "1"]
[SourceVersionDate "2013.11.20"]
[SourceQuality "1"]
[WhiteTeam "Belgrade PTT"]
[BlackTeam "Belgrade"]
[WhiteTeamCountry "SRB"]
[BlackTeamCountry "SRB"]

1. e4 d5 2. exd5 Qxd5 3. Nc3 Qd6 4. g3 Nf6 5. Bg2 c6 6. d4 Bg4 7. Nf3 e6 8. 0-0 Nbd7 9. Bf4 Qb4 10. a3 Qb6 11. h3 Bh5 12. b4 Be7 13. g4 Bg6 14. Na4 Qa6 15. c3 h5 16. g5 Nd5 17. Bd2 h4 18. Nb2 b5 19. Re1 Rd8 20. Bf1 Qb7 21. c4 N5b6 22. Rc1 Nxc4 23. Bxc4 bxc4 24. Nxc4 Bh5 25. Na5 Qa8 26. Nxc6 Nb8 27. Nxb8 Bxf3 28. Qa4+ Kf8 29. Nd7+ Kg8 30. Ne5 Rxd4 31. Rc7 Bh1 32. f3 Rxd2 33. Rxe7 Kh7 34. g6+ Kh6 35. b5 1-0

[Event "BIH-chT Cup"]
[Site "Banja Vrucica"]
[Date "2013.08.17"]
[Round "8"]
[White "Kontic, Djordjije"]
[Black "Podinic, Vladimir"]
[Result "0-1"]
[WhiteElo "2346"]
[BlackElo "2420"]
[PlyCount "120"]
[EventDate "2013.08.10"]
[EventType "team-tourn"]
[EventRounds "9"]
[EventCountry "BIH"]
[SourceTitle "CBM 155 Extra"]
[Source "ChessBase"]
[SourceDate "2013.08.26"]
[SourceVersion "1"]
[SourceVersionDate "2013.08.26"]
[SourceQuality "1"]

1. Nc3 c5 2. e4 Nc6 3. Nge2 e6 4. d4 cxd4 5. Nxd4 Qc7 6. Be3 a6 7. Be2 Nf6 8. 0-0 Be7 9. f4 d6 10. Qe1 0-0 11. Rd1 Bd7 12. Qg3 Nxd4 13. Rxd4 Bc6 14. Kh1 Nd7 15. a4 Rac8 16. Rfd1 Rfd8 17. h4 Nf8 18. h5 Bf6 19. Rb4 Nd7 20. Rc4 Nb6 21. Rcd4 Nxa4 22. Nxa4 Bxa4 23. R1d2 Bc6 24. b4 e5 25. fxe5 dxe5 26. Rd5 Bxd5 27. exd5 Qc3 28. Bd3 Qxb4 29. Qf3 Qh4+ 30. Kg1 Re8 31. Bf5 e4 32. Qe2 Rc3 33. Rd1 Bg5 34. Bf2 Qf4 35. Bh3 f5 36. d6 Rd8 37. d7 Rc6 38. Rf1 g6 39. Bb6 Qe5 40. Bxd8 Bxd8 41. hxg6 hxg6 42. Qe3 Kg7 43. Rf2 Rc3 44. Qc1 e3 45. Re2 Bc7 46. g4 Qg3+ 47. Bg2 Qxg4 48. Qa1 Qd4 49. Bxb7 a5 50. Bc6 f4 51. Bf3 a4 52. Kg2 a3 53. Bg4 Qd5+ 54. Kh3 Be5 55. Qf1 a2 56. Qf3 Qxf3+ 57. Bxf3 Bf6 58. Re1 Rxc2 59. Rg1 Rd2 60. Be4 g5 0-1

[Event "Novi Sad CupT"]
[Site "Novi Sad"]
[Date "2012.12.05"]
[Round "7"]
[White "Podinic, Vladimir"]
[Black "Jacimovic, Dragoljub"]
[Result "1/2-1/2"]
[WhiteElo "2420"]
[BlackElo "2433"]
[PlyCount "82"]
[EventDate "2012.12.04"]
[EventType "team-tourn"]
[EventRounds "7"]
[EventCountry "YUG"]
[SourceTitle "EXT 2014"]
[Source "ChessBase"]
[SourceDate "2013.11.20"]
[SourceVersion "1"]
[SourceVersionDate "2013.11.20"]
[SourceQuality "1"]

1. e4 e6 2. b3 d5 3. Bb2 Nf6 4. e5 Nfd7 5. d4 c5 6. c3 Nc6 7. f4 f6 8. Bd3 Qb6 9. Qh5+ Kd8 10. Nf3 cxd4 11. Nxd4 Nc5 12. Nxc6+ bxc6 13. Bc2 Ba6 14. Nd2 Nd3+ 15. Bxd3 Bxd3 16. 0-0-0 Bg6 17. Qe2 Qa5 18. a4 Ba3 19. Qe3 Qc5 20. Qg3 Kc8 21. Nb1 Bxb2+ 22. Kxb2 fxe5 23. fxe5 Rf8 24. Rd4 Rb8 25. h4 Rb7 26. Nd2 Rbf7 27. b4 Qe7 28. Nb3 Rf2+ 29. Ka3 Rc2 30. Rc1 Rxc1 31. Nxc1 c5 32. Rf4 a5 33. Nb3 cxb4+ 34. cxb4 axb4+ 35. Rxb4 Kd7 36. Qe3 Rc8 37. Qg5 Qf8 38. Qf4 Qe7 39. Qg5 Qf8 40. Qf4 Bf5 41. Qe3 Bg6 1/2-1/2

[Event "Novi Sad CupT"]
[Site "Novi Sad"]
[Date "2012.12.05"]
[Round "6"]
[White "Popovic, Dusan"]
[Black "Podinic, Vladimir"]
[Result "0-1"]
[WhiteElo "2579"]
[BlackElo "2420"]
[PlyCount "86"]
[EventDate "2012.12.04"]
[EventType "team-tourn"]
[EventRounds "7"]
[EventCountry "YUG"]
[SourceTitle "EXT 2014"]
[Source "ChessBase"]
[SourceDate "2013.11.20"]
[SourceVersion "1"]
[SourceVersionDate "2013.11.20"]
[SourceQuality "1"]

1. e4 c5 2. Nf3 e6 3. d3 Nc6 4. g3 d6 5. Bg2 Nf6 6. 0-0 Be7 7. Ng5 0-0 8. f4 Rb8 9. Nd2 e5 10. Nc4 b5 11. Ne3 c4 12. dxc4 bxc4 13. c3 h6 14. Nh3 exf4 15. gxf4 Qb6 16. Nf2 Qc5 17. Kh1 Re8 18. Rg1 Bf8 19. Qf1 Na5 20. Bf3 Rxb2 21. Bxb2 Qxe3 22. Qg2 Qxf4 23. Bc1 Qh4 24. Ba3 g6 25. Rad1 Re6 26. Qg3 Qxg3 27. hxg3 Nc6 28. Rb1 Ne5 29. Be2 Bd7 30. Rgd1 Bc6 31. Rd4 Nxe4 32. Nxe4 f5 33. Rb8 Bxe4+ 34. Kg1 Kf7 35. Rc8 Bd3 36. Bd1 Ng4 37. Bxg4 fxg4 38. Rf4+ Bf5 39. Rfxc4 Re1+ 40. Kf2 Ra1 41. R4c7+ Be7 42. Rxa7 Rxa2+ 43. Ke3 Bxc8 0-1

[Event "Novi Sad CupT"]
[Site "Novi Sad"]
[Date "2012.12.04"]
[Round "4"]
[White "Savic, Miodrag R"]
[Black "Podinic, Vladimir"]
[Result "1-0"]
[WhiteElo "2543"]
[BlackElo "2420"]
[PlyCount "73"]
[EventDate "2012.12.04"]
[EventType "team-tourn"]
[EventRounds "7"]
[EventCountry "YUG"]
[SourceTitle "EXT 2014"]
[Source "ChessBase"]
[SourceDate "2013.11.20"]
[SourceVersion "1"]
[SourceVersionDate "2013.11.20"]
[SourceQuality "1"]

1. e4 c5 2. c3 d5 3. exd5 Qxd5 4. Nf3 Nc6 5. Be2 Nf6 6. 0-0 Bg4 7. Na3 e6 8. Qa4 Be7 9. Nc4 Qe4 10. Qb5 a6 11. Qxb7 0-0 12. Ne3 Nd4 13. Qxe4 Nxe2+ 14. Kh1 Nxe4 15. Nxg4 Rfd8 16. d3 Rxd3 17. Be3 f5 18. Nge5 Rd5 19. Rae1 f4 20. Rxe2 fxe3 21. Rxe3 Rd1 22. Kg1 Rxf1+ 23. Kxf1 Ng5 24. Nxg5 Bxg5 25. Rd3 a5 26. Nc4 a4 27. Rd6 Kf7 28. Rd7+ Kf6 29. g3 Bc1 30. Rd1 Bh6 31. Ke2 Rb8 32. h4 g5 33. hxg5+ Kxg5 34. f4+ Kg4 35. Kf2 Rb7 36. Rh1 Bf8 37. Ne3# 1-0

[Event "Ciocaltea Memorial 29th"]
[Site "Bucharest"]
[Date "2012.03.09"]
[Round "8"]
[White "Shishkin, Vadim"]
[Black "Podinic, Vladimir"]
[Result "0-1"]
[WhiteElo "2464"]
[BlackElo "2428"]
[PlyCount "103"]
[EventDate "2012.03.02"]
[EventType "tourn"]
[EventRounds "11"]
[EventCountry "ROU"]
[EventCategory "9"]
[SourceTitle "CBM 147 Extra"]
[Source "ChessBase"]
[SourceDate "2012.04.24"]
[SourceVersion "1"]
[SourceVersionDate "2012.04.24"]
[SourceQuality "1"]

1. d4 f5 2. g3 Nf6 3. Bg2 g6 4. Nf3 Bg7 5. c4 0-0 6. 0-0 d6 7. Nc3 Nc6 8. d5 Ne5 9. Nxe5 dxe5 10. c5 h6 11. Qb3 Kh8 12. Rd1 a6 13. Bd2 g5 14. Rac1 e4 15. f4 gxf4 16. Bxf4 Nh5 17. e3 Nxf4 18. gxf4 Rf6 19. Kh1 Rg6 20. Bh3 Qf8 21. Rg1 Rxg1+ 22. Rxg1 Qf6 23. Qa4 Qf7 24. Nb5 c6 25. Nc7 Rb8 26. Qb3 cxd5 27. Qxd5 Qxd5 28. Nxd5 e6 29. Nb6 Bxb2 30. Rd1 Bf6 31. Bf1 Be7 32. Bc4 Kg7 33. Nxc8 Rxc8 34. Bxe6 Rxc5 35. Rd5 Kf6 36. Bg8 Rc3 37. Bh7 Rxe3 38. Rxf5+ Kg7 39. Re5 Kxh7 40. Rxe7+ Kg6 41. Kg2 Ra3 42. Rxb7 Rxa2+ 43. Kg3 Ra3+ 44. Kg4 h5+ 45. Kh4 Rf3 46. Rb6+ Kf5 47. Rxa6 e3 48. Ra8 e2 49. Re8 Rxf4+ 50. Kg3 h4+ 51. Kg2 Re4 52. Rxe4 0-1

[Event "Ciocaltea Memorial 29th"]
[Site "Bucharest"]
[Date "2012.03.08"]
[Round "7"]
[White "Podinic, Vladimir"]
[Black "Anton, Teodor"]
[Result "1/2-1/2"]
[WhiteElo "2428"]
[BlackElo "2403"]
[PlyCount "110"]
[EventDate "2012.03.02"]
[EventType "tourn"]
[EventRounds "11"]
[EventCountry "ROU"]
[EventCategory "9"]
[SourceTitle "CBM 147 Extra"]
[Source "ChessBase"]
[SourceDate "2012.04.24"]
[SourceVersion "1"]
[SourceVersionDate "2012.04.24"]
[SourceQuality "1"]

1. e4 c5 2. c3 Nf6 3. d3 Nc6 4. f4 d6 5. Nf3 g6 6. g3 Bg7 7. Bg2 0-0 8. 0-0 c4 9. e5 dxe5 10. fxe5 Nd5 11. dxc4 Qb6+ 12. Kh1 Ne3 13. Bxe3 Qxe3 14. Re1 Qb6 15. Qb3 Qc7 16. Na3 a6 17. c5 Nxe5 18. Nxe5 Bxe5 19. Qb6 Be6 20. Qxc7 Bxc7 21. Nc2 Rae8 22. Nb4 Rb8 23. Rad1 Rfd8 24. Rxd8+ Bxd8 25. Rd1 a5 26. Nd5 Kf8 27. b4 Ke8 28. a3 Bd7 29. Nb6 Bxb6 30. cxb6 axb4 31. cxb4 Ra8 32. Bxb7 Rb8 33. Bd5 e6 34. Bf3 Rxb6 35. Kg1 f5 36. Be2 Rb7 37. Kf2 Ke7 38. Ke3 Ra7 39. Rd3 e5 40. a4 g5 41. a5 Bc6 42. Ra3 f4+ 43. Kd2 Rb7 44. gxf4 gxf4 45. b5 Bxb5 46. Bxb5 Rxb5 47. a6 Rb8 48. a7 Ra8 49. Ra6 Kf7 50. Kd3 f3 51. Ke3 e4 52. h4 Kg7 53. h5 h6 54. Ra2 Kh7 55. Kxe4 f2 1/2-1/2